Responses for show #3309 - Thursday, January 14, 1999

Contestants

Kristine Bachand, a permit coordinator from Portland, Oregon

Mason Cole, a communications director from Portland, Oregon

Stacy Lammers, a communications specialist from Lansing, Michigan (whose 1-day cash winnings total $11,101)

Jeopardy! Round responses

THE OLD WEST
ROY ROGERS
(Alex: He's part of the old west!)
HAPPY
TRAILS
U2
(Alex: Whoops, we got it backwards!)
UNTIL WE MEET AGAIN
    $100 16
Gold

Kristine
    $100 26
Dale Evans

Mason
    $100 11
Snow White And The Seven Dwarfs

Kristine
    $100 17
Trail mix

Mason
    $100 1
Dublin

Stacy
    $100 6
Jerusalem

Stacy
    $200 18
Chaps

Mason
    $200 27
(Alex: Gene was the star, so he won the fight)

Gene Autry

Kristine
    $200 12
Lark

Kristine
    $200 22
(with a minute to go...)

Appalachian Trail

Stacy
    $200 2
War

Kristine
    $200 7
Hernandez

Stacy
    $300 19
(K: What are jeeps?)

Stagecoaches

StacyKristine
    $300 28
(buzzer sounds)

Bullet

Triple Stumper
    $300 13
Happy Happy Joy Joy

Kristine
    $300 23
Cumberland Gap

Mason
    $300 3
Martin Luther King, Jr.

Kristine
    $300 8
Ponch & Jon

Mason
    $400 20
(S: What is vamoose?)

Mosey (saunter)

StacyMason
    $800 14
(Alex: See, Kristine, sometimes it comes to you, probably a little prayer involved there too!)

Beatitudes

Kristine
    $400 24
Spoor

Triple Stumper
    $400 4
Batman

Stacy
    $400 9
Princeton

Stacy
    $500 21
John C. Fremont

Triple Stumper
    $500 15
Nelson Rockefeller

Mason
    $500 25
Mount Rainier

Stacy
    $500 5
The Joshua Tree

Stacy
    $500 10
Persephone

Kristine

Scores at the first commercial break (after clue 13):

Stacy Mason Kristine
$1,700 $300 $1,600

Scores at the end of the Jeopardy! Round:

Stacy Mason Kristine
$2,300 $1,900 $2,400

Double Jeopardy! Round responses

GENETICS
NO PLAIN JANE
ALAS, MORE SHAKESPEARE!
(Alex: But not with Johnny Gilbert!)
MOVIE CHARACTERS
(Alex: You have to name the movie)
ALL THE PRESIDENTS' MEN
(Alex: That was a movie)
VERY CROSS WORD CLUES
    $200 17
Insulin

Mason
    $200 5
Jane Eyre

Kristine
    $200 26
Macbeth

Stacy
    $200 12
Rocky

Kristine
    $200 1
(K: What is senator?)

Attorney General

MasonKristine
    $200 3
Fury

Triple Stumper
    $400 18
Gregor Mendel

Triple Stumper
    $400 6
The Go-Go's

Stacy
    $400 27
(buzzer sounds)
(Alex: Before we get into Final Jeopardy, we have a change in scoring to announce & it affects our returning champion over there, Stacy; we have decided that the response she gave a little while ago as "What is vent?" is a very good alternative to "What is fume?" & so she is correct now with $6,500.)

Snake

Triple Stumper
    $400 13
Dances With Wolves

Mason
    $400 2
Jefferson Davis

Kristine
    $400 4
(M: What is anger?)

Wrath

Mason
Triple Stumper
    $600 19
DNA

Kristine
    $600 7
Jane Smiley

Mason
    $600 14
Fast Times At Ridgemont High

Kristine
    $600 8
(M: Who is John C. Calhoun?)

William Seward

Mason
Triple Stumper
    $600 11
Rage

Stacy
    $800 20
Tomato

Kristine
    $1,000 22
(with a minute to go...)

Jane Austen

Kristine
    $1,200 15
The Karate Kid

Kristine
    $800 9
(K: Who is Truman?)

Henry Wallace

Kristine
Triple Stumper
    $800 24
Umbrage

Triple Stumper
    $1000 21
Fingerprint

Kristine
    $1000 23
Jane Campion

Stacy
    $1000 16
This Is Spinal Tap

Mason
    $1000 10
Dick Morris

Stacy
    $1000 25
(S: What is vent?)
(See DJ clue #27 for further explanation)

Fume

Stacy

Scores at the end of the Double Jeopardy! Round:

Stacy Mason Kristine
$6,500 $3,300 $7,400

[wagering suggestions for these scores]

Final Jeopardy! Round responses

ISLANDS
MasonWhat is Corsica?
$2,301
StacyWhat is Corsica?
$5,501
KristineWhat is Gibraltar?
$2,000
Cyprus

Final scores:

Stacy Mason Kristine
$999 $999 $5,400
2nd place: Trip to Atlantis Paradise Resort & Casino, Bahamas 3rd place: Monorail Desktop PC New champion: $5,400

Game dynamics:

Coryat scores:

Stacy Mason Kristine
$6,500 $3,300 $6,400
15 R,
1 W
12 R,
2 W
18 R
(including 3 DDs),
3 W

Combined Coryat: $16,200

The J! Archive is created by fans, for fans. The Jeopardy! game show and all elements thereof, including but not limited to copyright and trademark thereto, are the property of Jeopardy Productions, Inc. and are protected under law. This website is not affiliated with, sponsored by, or operated by Jeopardy Productions, Inc. Join the discussion at JBoard.tv.